00770nam a22002297a 450000500170000001000130001702000100003003500130004003700160005304000120006908200190008110000340010024500890013424600590022326000640028227000780034630000200042465000210044465000340046565000210049965000200052020170123162320.0 aA-369895 a15.00 aA-369895 bCen Lib/Ret aDPLbUR a847bا ب و  aابل کلام آزاد  aتنزیاات آزاد : c ابل کلام آزاد bحدیث غاشیہ / aTanziyat azad : hadees ghashiya /bby Abul kalam Azad  aنیی دہلی bاتقاد پبلشنگ ہاؤس c1987 bنیی دہلی a١٤٥، کوٹنا سٹریٹ سویی ولن e110002 a230p.c19cm(Hb) aاردو ادب  aاردو سوانے عمری  aUrdu literature  aUrdu biography